MARC

LEADER 00000nam0a2200000 4500
001 185672
005 20231031173047.0
035 |a (RuTPU)RU\TPU\book\201429 
090 |a 185672 
100 |a 20101013d1972 m y0rusy50 ca 
101 1 |a rus  |c eng 
102 |a RU 
105 |a a z 001zy 
200 1 |a Разумный глаз  |e пер. с англ.  |f Р. Л. Грегори 
210 |a Москва  |c Мир  |d 1972 
215 |a 216 с.  |c ил. 
320 |a Библиогр.: с. 204-209. 
610 1 |a восприятие 
610 1 |a зрительное мышление 
610 1 |a мозг 
610 1 |a предметы 
610 1 |a изображения 
610 1 |a фигуры 
610 1 |a рисование 
610 1 |a картины 
610 1 |a символы 
675 |a 152  |v 3 
700 1 |a Грегори  |b Р. Л. 
801 1 |a RU  |b 63413507  |c 20101013 
801 2 |a RU  |b 63413507  |c 20101224  |g RCR 
942 |c BK